| 000 | 00686cam a2200217 a 4500 | ||
|---|---|---|---|
| 001 | 000018212 | ||
| 005 | 20260317133558.0 | ||
| 008 | 881223s1979 ja 000 0 eng d | ||
| 040 |
_aDO-SdBNP _bspa _dBNPHU |
||
| 041 | 1 | 7 |
_aspa _ceng |
| 082 |
_a306.52 _bB463c |
||
| 100 | 1 |
_aBenedict, Ruth, _d1887-1948. _939433 |
|
| 245 | 1 | 4 |
_aThe chrysanthemum and the sword : _bpatterns of japanese culture / _cRuth Benedict. |
| 260 |
_aTokyo : _bCharles E. Tuttle Company, _c1979. |
||
| 300 |
_a324 p. ; _c19 cm. |
||
| 500 | _aInclye índice | ||
| 650 | 0 |
_aCultura _989224 |
|
| 651 | 4 |
_aJapón _939434 |
|
| 651 | 4 |
_aJapón _xCivilización _94666 |
|
| 651 | 4 |
_aJapón _xCaracteristicas Nacionales _939435 |
|
| 999 |
_c17733 _d17733 |
||